<?xml version="1.0" encoding="UTF-8"?>
<record
    xmlns:xsi="http://www.w3.org/2001/XMLSchema-instance"
    xsi:schemaLocation="http://www.loc.gov/MARC21/slim http://www.loc.gov/standards/marcxml/schema/MARC21slim.xsd"
    xmlns="http://www.loc.gov/MARC21/slim">

  <leader>     nam a22     7a 4500</leader>
  <datafield tag="999" ind1=" " ind2=" ">
    <subfield code="c">259226</subfield>
    <subfield code="d">259226</subfield>
  </datafield>
  <controlfield tag="003">IT-MiCISF</controlfield>
  <controlfield tag="008">161222b        xxu||||| |||| 00| 0 eng d</controlfield>
  <datafield tag="040" ind1=" " ind2=" ">
    <subfield code="c">IT-MiCISF</subfield>
  </datafield>
  <datafield tag="041" ind1=" " ind2=" ">
    <subfield code="a">it</subfield>
  </datafield>
  <datafield tag="100" ind1=" " ind2=" ">
    <subfield code="a">Izzo Francesca</subfield>
    <subfield code="9">56115</subfield>
  </datafield>
  <datafield tag="245" ind1=" " ind2=" ">
    <subfield code="a">Le avventure della libert&#xE0;</subfield>
    <subfield code="b">Dall'antica Grecia al secolo delle donne</subfield>
  </datafield>
  <datafield tag="260" ind1=" " ind2=" ">
    <subfield code="a">Roma</subfield>
    <subfield code="b">Carocci</subfield>
    <subfield code="c">2016</subfield>
  </datafield>
  <datafield tag="300" ind1=" " ind2=" ">
    <subfield code="a">pp. 161</subfield>
  </datafield>
  <datafield tag="500" ind1=" " ind2=" ">
    <subfield code="a">donna, societ&#xE0;, storia, lavoro, emancipazione-femminile, filosofia, politica, differenza-sessuale</subfield>
  </datafield>
  <datafield tag="520" ind1=" " ind2=" ">
    <subfield code="a">La progressiva affermazione del soggetto femminile tra il XX e il XXI secolo ha fatto cadere una dopo l'altra le barriere che impedivano alle donne l'accesso alla sfera pubblica e sociale. Nelle nostre societ&#xE0; democratiche le donne sono ormai considerate in linea di principio eguali agli uomini. Ma l'acquisita cittadinanza d&#xE0; luogo a inedite questioni etiche e politiche (dall'aborto alla fecondazione assistita, dalla maternit&#xE0; surrogata alla rappresentanza paritaria). Nel volume, l&#x2019;A. indaga gli effetti che l'eguaglianza induce sui principi e sulle forme della libert&#xE0;, mutando l'idea stessa di genere umano. Nel farlo ricostruisce alcune grandi scansioni della storia della libert&#xE0;, dalla polis greca al pensiero femminista contemporaneo, soffermandosi sul nesso tra libert&#xE0; e necessit&#xE0; colto in alcune figure chiave del pensiero filosofico, religioso e politico della tradizione occidentale: da Aristotele e Platone a Paolo e Agostino, da Locke a Marx, Nietzsche e Arendt, fino a Simone de Beauvoir, Luce Irigaray, Judith Butler.</subfield>
  </datafield>
  <datafield tag="650" ind1=" " ind2=" ">
    <subfield code="a">donna</subfield>
    <subfield code="9">56116</subfield>
  </datafield>
  <datafield tag="654" ind1=" " ind2=" ">
    <subfield code="a">saggio</subfield>
  </datafield>
  <datafield tag="942" ind1=" " ind2=" ">
    <subfield code="2">ddc</subfield>
    <subfield code="c">BK</subfield>
  </datafield>
  <datafield tag="952" ind1=" " ind2=" ">
    <subfield code="0">0</subfield>
    <subfield code="1">0</subfield>
    <subfield code="2">ddc</subfield>
    <subfield code="4">0</subfield>
    <subfield code="6">B_7275_000000000000000</subfield>
    <subfield code="7">1</subfield>
    <subfield code="a">CISF</subfield>
    <subfield code="b">CISF</subfield>
    <subfield code="d">2016-12-22</subfield>
    <subfield code="l">0</subfield>
    <subfield code="o">b7275</subfield>
    <subfield code="p">9788843081257</subfield>
    <subfield code="r">2016-12-22 00:00:00</subfield>
    <subfield code="w">2016-12-22</subfield>
    <subfield code="y">BK</subfield>
  </datafield>
</record>
